000 00585nam a2200217 a 4500
001 BRCA_7451
005 20190320205836.0
008 110413s1948----mx-a######---#000-0#spa-#
041 _aspa
044 _amx
050 4 _aN6553
_b.T68 1948
100 1 _aToussaint, Manuel
_96793
245 1 0 _aArte colonial en México
_cManuel Toussaint.
260 _aMéxico
_bUNAM, Instituto de Investigaciones Estéticas
_c1948
300 _axxxi, 503 p.
_bil.
500 _aQ206
650 1 4 _aArte
_xHistoria
_zMéxico
_9898
650 1 4 _aArte colonial
_97904
902 _aGFM
942 _2lcc
_cB
999 _c7127
_d7127